| 000 | 00480nam a2200181Ia 4500 | ||
|---|---|---|---|
| 008 | 180921t2004 xxu||||| |||| 00| 0 sin d | ||
| 041 | _asin | ||
| 080 |
_a59 _bWIJ |
||
| 100 | _aWijevickrama, Jayantha | ||
| 245 | _aමිනිසා ආ ගමන් මග | ||
| 246 | _aMinisaa a gaman maga | ||
| 260 |
_bSobadaham _c2004 |
||
| 300 | _a30p., ill., 22 cm | ||
| 650 |
_aEvolution _aAnthropology |
||
| 942 | _cBK | ||
| 999 |
_c13722 _d13722 |
||
| 003 | LK-CoDNM | ||
| 040 |
_aLK-CoDNM _dLK-CoDNM _eLK-CoDNM |
||